Uplatňovanie IAS/IFRS v prostredí Európskej únie

Uplatňovanie Medzinárodných účtovných štandardov (IAS/IFRS) k 1. januáru 2005. Zmeny uskutočňované v rámci projektu sa prejavili v podobe: 1. novelizácie IAS prijatých do roku 2003, 2. vydania nových Medzinárodných štandardov pre zostavenie účtovnej závierky, 3. zrušenia pôvodných interpretácií SIC,...

Description complète

Enregistré dans:
Détails bibliographiques
Auteur principal: Tumpach, Miloš, 1970-
Format: Chapitre de livre
Langue:slovaque
Sujets:
Tags: Ajouter un tag
Pas de tags, Soyez le premier à ajouter un tag!

MARC

LEADER 00000naa$a2200000$$$4500
001 0011505
005 20240502071357.1
041 0 |a slo 
044 |a SK 
245 1 0 |a Uplatňovanie IAS/IFRS v prostredí Európskej únie  |c aut. Miloš Tumpach 
520 |a Uplatňovanie Medzinárodných účtovných štandardov (IAS/IFRS) k 1. januáru 2005. Zmeny uskutočňované v rámci projektu sa prejavili v podobe: 1. novelizácie IAS prijatých do roku 2003, 2. vydania nových Medzinárodných štandardov pre zostavenie účtovnej závierky, 3. zrušenia pôvodných interpretácií SIC, resp. ich náhradou novelizovanými a novými štandardmi. 
610 2 0 |a štandardy 
610 2 0 |a štandardy účtovné medzinárodné 
610 2 0 |a Európska únia 
610 2 0 |a IAS/IFRS 
100 1 |a Tumpach, Miloš, 1970-